01366aam a2200313 i 4500952013600000999001700136001001000153003001000163005001700173007000300190008004100193020002200234040004800256041000800304082002200312100002600334245004200360264005200402264001200454300002700466336002700493337003300520338002800553505038200581563001500963630005500978942000701033945001201040 00102ddc40708GENaFUSBCbFUSBCd2020-05-17l0oG 226.307 F245sp19785r2019-12-12 00:00:00tEj.1w2016-01-26yBKB0k1IINV2023 c46074d46074768714001CO-MdFUSB20201027112050.0ta200517t1951 enka|||| |||| 00| 0 eng d a[No incluye ISBN] bspa.aCO-MdFUSBcCO-MdFUSBdCO-MdFUSBCerda aeng 223a226.307bF2451 aFarrer, Austineautor10aA study in St Mark c/ Austin Farrer 1aWestminster, Inglaterra :bDacre Press,c[1951] 4c© 1951 a397 páginasc; 23 cm atextobtxt2rdacontent 2rdamediaasin mediaciónbn 2rdacarrieravolumenbnc aLos milagros de sanación - Primer ciclo doble - Segundo y tercer ciclos dobles - Últimos dos ciclos dobles - El sentido prefigurativo - La terminación - El sentido histórico - San Marcos, San Pablo y San Juan - Secreto - Hijo del Hombre antes de San Marcos - Hijo del Hombre en San Marcos - Panes y miles - Los apóstoles - Simbolismo tribal - La fecha de la escritura aPasta dura 7aBiblia.pMarcosxCrítica, interpretación, etc. cBK aJTF-925